Statistics for J Cole Quiz

Click here to take the quiz!

General Stats

  • This quiz has been taken 682 times
  • The average score is 17 of 43

Answer Stats

questionAnswer% Correct
What is his first name?Jermaine
95%
Where was he born?Germany
68%
In which song does he mention Aaliyah?No Role Modelz
61%
the line 'first things first rest in peace uncle phil' is from what songNo role modelz
61%
when was the come up released?2007
61%
when did he sign to rockefeller records?2009
59%
in what song does he talk about his first time having sex?wet dreamz
59%
when was born sinner released?2013
56%
What was the name of his second album?Born Sinner
56%
Which artist is he expected to drop a collaborative abum with?Kendrick Lamar
55%
what is his record label called?Dreamville records
53%
Which one of his albums was the first to go platinum without no features in 25 years?2014 forest hills drive
53%
when was friday night lights released?2010
52%
Where did he move in 2009 to pursue a better record deal?New York
47%
what was his debut album called?cole world: the sideline story
46%
what was the name of his first mixtape?the come up
45%
on what song did Miguel feauture on?power trip
43%
which city in france is also the title of the 7th track on 2014 fhd?st tropez
42%
what song did Kendrick feautre on?forbidden fruit
41%
what was his second mixtape called?the warm up
40%
when is his birthday?january 28th
39%
how many 'acts' did his 2014 forest hills drive tour have?3
39%
In which song does Drake feature in with J ColeIn the morning
38%
when did he begin rapping?2012
38%
who is his favourite rapper?Tupac
33%
when was 2014 FHD released?December
32%
what song compares the 2 sides of Fayetville?A tale of 2 citiez
32%
what university did he attend?st johns
31%
what track does Jay Z feauture in?Mr Nice Watch
30%
in what song did Missy Elliot feautre on?nobodys perfect
30%
in what song does he talk about his new lifestyle? (2014 fhd)GOMD
30%
which song was nonimated for the best rap peformance award at the 58th grammys?apparently
28%
what was his original rap name?Blaza
27%
in what song does he talk about low self esteem and troubles with women (2014 fhd)03 adolescence
24%
what is the longest sound he has recorded?Note to self
22%
what was his fathers job?military officer
19%
what tv network aired his 'homecoming' concert film?HBO
17%
where did he grow up?Fayettville
17%
on what show did he peform 'be free'?letterman
14%
Who is J Coles wife?Melissa Heholt
14%
what was his tour documentary called?homecoming
13%
in which fast food restaurant did J Cole rap with Wale after one of their shows?Dennys
9%
Where did J Cole dress up as a kangaroo?Ice Rink
4%

Score Distribution

Percentile by Number Answered

Percent of People with Each Score

Your Score History

You have not taken this quiz